Owen v Blathwayt (Record no. 73035)
[ view plain ]
| 000 -LEADER | |
|---|---|
| fixed length control field | 01569cam a2200217 4500 |
| 001 - CONTROL NUMBER | |
| control field | ABS66909 |
| 008 - FIXED-LENGTH DATA ELEMENTS--GENERAL INFORMATION | |
| fixed length control field | 030714n2003 000 0 eng u |
| 035 ## - SYSTEM CONTROL NUMBER | |
| System control number | (Sirsi) u122998 |
| 245 ## - TITLE STATEMENT | |
| Title | Owen v Blathwayt |
| 260 ## - PUBLICATION, DISTRIBUTION, ETC. | |
| Date of publication, distribution, etc. | 2003 |
| 490 ## - SERIES STATEMENT | |
| Series statement | Property and Compensation Reports |
| Volume/sequential designation | [2003] 1 P&CR 28, 444-466(23) |
| 520 ## - SUMMARY, ETC. | |
| Summary, etc. | [2002] EWHC 2231 (Ch), 1 November 2002. The claimant (O) brought an action against B and five others in order to determine the proper construction and effect of a grant of a non-exclusive right to graze sheep and how it related to later grants of the right to graze over the same land. In 1992 English Nature had reduced the number of sheep permitted to graze on the land and as O had more than the numbers allowed, he held that he should have sole use of the common. O claimed priority over the later grantees due the fact that the right to graze had been given on the purchase of the farm in 1954; the other three farms had been granted grazing rights in 1994, 1996 and 1998. It was held that O did not have priority because of the chronology of the changes in tenancies that provided the new grants to graze sheep on the common and that the number of sheep permitted by the limited grazing should be made in reference to the number of sheep each farm could maintain without including the commonland. |
| 590 ## - LOCAL NOTE (RLIN) | |
| Local note | ABS |
| 650 ## - SUBJECT ADDED ENTRY--TOPICAL TERM | |
| Topical term or geographic name entry element | OWEN V BLATHWAYT |
| 650 ## - SUBJECT ADDED ENTRY--TOPICAL TERM | |
| Topical term or geographic name entry element | REAL PROPERTY |
| 650 ## - SUBJECT ADDED ENTRY--TOPICAL TERM | |
| Topical term or geographic name entry element | PROFITS |
| 650 ## - SUBJECT ADDED ENTRY--TOPICAL TERM | |
| Topical term or geographic name entry element | SHEEP PASTURE |
| 650 ## - SUBJECT ADDED ENTRY--TOPICAL TERM | |
| Topical term or geographic name entry element | GRAZING RIGHTS |
| 690 ## - LOCAL SUBJECT ADDED ENTRY--TOPICAL TERM (OCLC, RLIN) | |
| Topical term or geographic name as entry element | LANDLORD AND TENANT-AGRICULTURAL TENANCIES-CASE LAW |
| 942 ## - ADDED ENTRY ELEMENTS (KOHA) | |
| Suppress in OPAC | 0 |
| Withdrawn status | Lost status | Source of classification or shelving scheme | Damaged status | Not for loan | Home library | Current library | Shelving location | Date acquired | Total Checkouts | Full call number | Barcode | Date last seen | Copy number | Price effective from | Koha item type |
|---|---|---|---|---|---|---|---|---|---|---|---|---|---|---|---|
| Dewey Decimal Classification | London | London | Journal article | 14/07/2003 | ABS66909 | 122998-1001 | 06/08/2019 | 1 | 06/08/2019 | Journal article |